<?xml version="1.0" encoding="UTF-8"?><?xml-stylesheet type="text/xsl" href="static/style.xsl"?><OAI-PMH xmlns="http://www.openarchives.org/OAI/2.0/" xmlns:xsi="http://www.w3.org/2001/XMLSchema-instance" xsi:schemaLocation="http://www.openarchives.org/OAI/2.0/ http://www.openarchives.org/OAI/2.0/OAI-PMH.xsd"><responseDate>2026-06-29T16:48:39Z</responseDate><request verb="GetRecord" identifier="oai:docta.ucm.es:20.500.14352/89039" metadataPrefix="marc">https://docta.ucm.es/rest/oai/request</request><GetRecord><record><header><identifier>oai:docta.ucm.es:20.500.14352/89039</identifier><datestamp>2024-10-17T17:50:27Z</datestamp><setSpec>com_20.500.14352_14</setSpec><setSpec>col_20.500.14352_23</setSpec></header><metadata><record xmlns="http://www.loc.gov/MARC21/slim" xmlns:dcterms="http://purl.org/dc/terms/" xmlns:xsi="http://www.w3.org/2001/XMLSchema-instance" xmlns:doc="http://www.lyncode.com/xoai" xsi:schemaLocation="http://www.loc.gov/MARC21/slim http://www.loc.gov/standards/marcxml/schema/MARC21slim.xsd">
   <leader>00925njm 22002777a 4500</leader>
   <datafield ind2=" " ind1=" " tag="042">
      <subfield code="a">dc</subfield>
   </datafield>
   <datafield ind2=" " ind1=" " tag="720">
      <subfield code="a">Bravo Jiménez, Nathaly Silvana</subfield>
      <subfield code="e">author</subfield>
   </datafield>
   <datafield ind2=" " ind1=" " tag="260">
      <subfield code="c">2019</subfield>
   </datafield>
   <datafield ind2=" " ind1=" " tag="520">
      <subfield code="a">Las piedras silíceas han sido los materiales de construcción más comunes a lo lago de historia de la Humanidad por ser los más abundantes en la geología circundante de las poblaciones. En este trabajo se valora dos de las piedras sílices más usadas como elementos estructurales u ornamentales: areniscas y granitos. Para este fin constructivo se evalúa su comportamiento físico y mecánico de tres variedades de granitos de la Sierra de Guadarrama (dos leucogranitos y un monzogranito) y cinco variedades de areniscas de diferentes grupos composicionales (tres arcosas, una cuarzoarenita y una calcarenita).
Según las propiedades petrográficas, físicas y mecánicas que poseen estas variedades pétreas, se valora su resistencia y posible durabilidad. Los granitos; de grano medio a grueso, con altas densidades, bajas porosidades; registran una resistencia mecánica elevada. Las areniscas, en general; de grano fino-medio, con bajas densidades y alta porosidad; registran una resistencia más variable, ya que la presencia o ausencia de matrices y cementos influyen decisivamente en su comportamiento físico-mecánico.
Se evalúa su comportamiento mecánico con ensayos directos (Ensayo de RCS, durómetro Equotip y esclerómetro de Schimit) e indirectos (método Deere &amp; Miller y método Aoki &amp; Matsukara) que pueden o no correlacionarse.</subfield>
   </datafield>
   <datafield ind1="8" ind2=" " tag="024">
      <subfield code="a">Bravo Jiménez, Nathaly Silvana. Comportamiento físico-mecánico de las piedras silíceas de construcción. 2019. docta.ucm.es, https://hdl.handle.net/20.500.14352/89039.</subfield>
   </datafield>
   <datafield ind1="8" ind2=" " tag="024">
      <subfield code="a">https://hdl.handle.net/20.500.14352/89039</subfield>
   </datafield>
   <datafield ind2="0" ind1="0" tag="245">
      <subfield code="a">Comportamiento físico-mecánico de las piedras silíceas de construcción</subfield>
   </datafield>
</record></metadata></record></GetRecord></OAI-PMH>